000 00614nam a2200229Ia 4500
003 OSt
005 20221007071938.0
006 a|||||r|||| 00| 0
007 ta
008 221006b |||||||| |||| 00| 0 eng d
024 _a11,090
037 _cTextual
040 _aFLL
_cFLL
_beng
041 _2eng
_aeng
082 _aVIo3:2:N2, G5
100 _aKeith A.B. Au.
245 0 _aGovernments of the british empire
260 _aLondon
_bMacmillian and co., limited London
_c1935
300 _a646p
_ccm.
942 _hVIo3:2:N2, G5
_cTEXL
_2CC
999 _c1144742
_d1144742